| 000 | 00443cam a2200181ua 4500 | ||
|---|---|---|---|
| 041 |
_aeng _h |
||
| 082 |
_a631.43 _bBAV/SO |
||
| 100 | _aBaver, L D . | ||
| 245 |
_aSoil physics / _cL D Baver. _hTextual Documents |
||
| 250 |
_a4 / _b. |
||
| 260 |
_aNew Delhi : _bWiley Eastern Ltd , _c1983. |
||
| 300 | _a498 ; . | ||
| 504 | _a | ||
| 700 | 1 | _aGardner, Walter H . | |
| 700 | 1 | _aGardner, Wilford R . | |
| 942 | _cBK | ||
| 999 |
_c5440 _d5440 |
||